Estadísticas para Clubes de La Liga

Haz click aquí para intentar la prueba.

Estadísticas generales

  • Esta prueba ha sido intentada 6.101 veces
    (2.725 desde el último reinicio)
  • La puntuación promedio es 17 de 20

Estadísticas de respuestas

Clubes% Correcto
Real Madrid
100%
Barcelona
99%
Atlético Madrid
97%
Sevilla
94%
Athletic Bilbao
92%
Valencia
92%
Real Betis
91%
Real Sociedad
86%
Girona
85%
Villarreal
83%
Celta Vigo
79%
Granada
78%
Getafe
77%
Almería
75%
Rayo Vallecano
75%
Cádiz
73%
Mallorca
72%
Osasuna
72%
Alavés
71%
Las Palmas
68%

Distribución de puntuación

Porcentaje por número respondido

Porcentaje de gente con cada puntuación

Historial de tus puntuaciones

No has intentado esta prueba desde el último reinicio